|
|
|
|
| LEADER |
00000csc a2200000 a 4500 |
| 001 |
66610 |
| 003 |
Ucuenca |
| 005 |
20230308210546.0 |
| 008 |
995090|1985 fr |||||r|||||||||||fre|| |
| 020 |
|
|
|a 2-86538-131-3
|
| 022 |
|
|
|a 0291-1655
|
| 040 |
|
|
|b spa
|
| 041 |
0 |
|
|a fr
|
| 082 |
0 |
|
|a 939
|
| 100 |
1 |
|
|9 227767
|a Wagner, Guy
|
| 245 |
|
|
|a Stèles funeraires de Kom Abu Bellou
|c Guy Wagne, Hafeez, Abd el-Al, Jean-Claude Grenier y Guy Wagner
|h imp
|
| 264 |
|
|
|a Paris
|b Editions ADPF
|c 1985
|
| 300 |
|
|
|a 143 páginas:
|b ilu
|c 29.5 cm
|
| 490 |
|
|
|a Editions Recherche Sur Les Civilisations
|p Mémoire
|n no. 55
|
| 504 |
|
|
|a incl. ref.
|
| 650 |
|
0 |
|a Estilos funerarios
|9 227772
|
| 700 |
1 |
|
|a Grenier, Jean-Claude
|9 227768
|
| 700 |
1 |
|
|a Hafeez, Abd el
|9 227769
|
| 700 |
1 |
|
|a Al, Abd el.
|9 227771
|
| 852 |
|
|
|a UC-CDJBV
|f Donación
|l 1
|m General
|p 19950901
|q 10000.00
|r 2
|t 66610
|b 0
|d CDRC
|e CDRC
|g 930.105 E24m TERCER PISO (SECCION REVISTAS)
|z 1995-50-90
|
| 942 |
|
|
|c CR
|2 ddc
|r nube.salto@ucuenca.edu.ec
|
| 999 |
|
|
|c 115614
|d 115614
|